Lanean...

Maasir-i-Jahangiri: Literal translation of the Maasir-i-Jahangiri

Xehetasun bibliografikoak
Egile nagusia: THAKUR RAMSINGH
Formatua: Journal Article
Argitaratua: JOURNAL .OF INDIAN HISTORY 1928
Gaiak:
Sarrera elektronikoa:http://10.26.1.76/ks/00007041.pdf
LEADER 00477nam a22001337a 4500
999 |c 157192  |d 157188 
100 |a THAKUR RAMSINGH  |9 73786 
245 |a  Maasir-i-Jahangiri: Literal translation of the Maasir-i-Jahangiri 
260 |b JOURNAL .OF INDIAN HISTORY  |c 1928 
300 |b VOL. VII, 1928, PARTS I to III  |a 148 
650 |a MOGHUL HISTORY  |9 73755 
856 |u http://10.26.1.76/ks/00007041.pdf 
942 |c JA 
952 |0 0  |1 0  |4 0  |7 0  |9 155655  |a MGUL  |b MGUL  |d 2018-04-11  |l 0  |r 2018-04-11  |w 2018-04-11  |y JA